| 000 | | | 04383nmc2a22000003x 450 |
| 001 | | | f82908a0-a32b-4999-99ef-7ddbfdc9b574 |
| 005 | | | 20181224223326.0 |
| 100 | ## | $a | 20170623l18451845k l0rusy0189 ca |
| 101 | 0# | $a | rus |
| 102 | ## | $a | RU |
| 200 | 1# | $a | Дело о доставлении сведений не подвергался ли взысканиям во время службы в Дирекции коллежский секретарь Павел Тикулин |
| | $j | 21-24 марта 1845 г. |
| 251 | ## | $c | Дело |
| 300 | ## | $a | По Санкт-Петербургской дирекции за 1845 год |
| 300 | ## | $a | Ориг. заголовок дела: Дело по отношению Государственного коммерческого банка об уведомлении, не подвергался ли коллежский секретарь Павел Тикулин за время службы при Дирекции каким случаям, лишающим права на получение знака отличия беспорочной службы. 21 марта 1845 г. - 24 марта 1845 г. |
| 801 | #0 | $a | RU |
| | $b | РГИА |
| | $c | 20170623 |
| | $g | RCR |
| 801 | #1 | $a | RU |
| | $b | ГлавНИВЦ |
| | $c | 20170623 |
| | $2 | rusmarc |
| 801 | #2 | $a | RU |
| | $b | ПБ им. Б.Н. Ельцина |
| | $c | 20181224 |
| | $g | RCR |
| | $2 | rusmarc |
| 850 | ## | $a | РГИА |
| 852 | ## | $a | РГИА |
| | $e | Федеральное казенное учреждение "Российский государственный исторический архив" (РГИА) |
| | $j | 10440 |
| 937 | ## | $h | РГИА |
| | $d | 12246521 |
| | $a | ASBIBLIO_SCAN |
| 462 | #0 | $1 | 001dd3991dc-24e1-42ec-8838-ca4255420416 |
| | $1 | 2001 |
| | $a | 1746-1850 гг. |
| | $1 | 251 |
| | $c | Опись |
| | $1 | 852 |
| | $j | 1 |
| 461 | #0 | $1 | 0019264ebf8-de62-4f1a-9eb4-9f22098dbbd5 |
| | $1 | 2001 |
| | $a | Дирекция императорских театров МИДв |
| | $1 | 251 |
| | $c | Фонд |
| | $1 | 852 |
| | $j | 497 |
| 215 | ## | $a | 3 л. |
| | $d | 36,5х26 см |
| 371 | ## | $a | Документ не является опубликованным и широко распространяемым |
| 105 | ## | $a | y### |
| 122 | 2# | $a | d |
| 517 | 1# | $a | Дело по отношению Государственного коммерческого банка об уведомлении, не подвергался ли коллежский секретарь Павел Тикулин за время службы при Дирекции каким случаям, лишающим права на получение знака отличия беспорочной службы. 21 марта 1845 г. - 24 марта 1845 г. |
| 035 | ## | $a | f82908a0-a32b-4999-99ef-7ddbfdc9b574 |
| 856 | ## | $u | http://readingroom.main.prlib.ru/item.aspx?id_node=n122288720&mode=full |